000 00798nam a2200229Ia 4500
003 GCL
008 140319s9999 xx 000 0 ara d
040 _aGCL /
_cGCL
082 0 4 _a814
_bر ا
100 1 _aراجى عنايت
245 1 0 _aافيقوا يرحمكم الله كيف يجب ان يفكر العرب فى مستقبل التعليم . الادارة . الاقتصاد . الممارسة الديمقراطية . الاعلام /
_cراجى عنايت
300 _a207 ص
490 _a
650 0 4 _aالادب العربى
650 0 4 _aالاقتصاد
650 0 4 _aالتعليم
650 0 4 _aالادارة
650 0 4 _aالاعلام
650 0 4 _aالادب العربى - مقالات
650 0 4 _aالممارسة الديمقراطية
942 _2ddc
_cBK
999 _c45554
_d45554